000 00964nam a2200253Ia 4500
003 OSt
005 20220923221106.0
006 a|||||r|||| 00| 0
007 ta
008 220922b |||||||| |||| 00| 0 hin d
024 _a194,942
037 _cTextual
040 _aARTS
_cARTS
_bhin
041 _2hin
_ahin
082 _aO152,3M80:g, M0
100 _aगोयनका, कमल किशोर; लुत्से, लोठार
_9165030
245 0 _aप्रेमचन्द औेर शतरंज के खिलाड़ी
246 _aPremachanda auer shataranja ke khilāड़ī
260 _aदिल्ली
_b पूर्वोदय प्रका0
_c1980
300 _a119पृ.
_ccm.
650 _aहिन्दी साहित्य
_9156264
942 _hO152,3M80:g, M0
_cTEXL
_2CC
999 _c347205
_d347205